000 00394 a2200121 4500
001 ART_37888
005 20260410161750.0
008 260409a
245 1 0 _aDeducción de gastos incurridos en el exterior por ejecutivos de empresas locales
100 1 _aGebhardt, Jorge
700 1 _aMalvitano, Rubén H.
773 0 _tDoctrina tributaria
_g- Nº 433 (abr. 2016)
_wREV4296
999 _c19617
_d19617